000
00218nam a2200097Ia 4500
008
220204s9999 xx 000 0 und d
082
_a
82-3
_b
KID
100
_a
Kidd, Flora
245
0
_a
Castle of temptation
942
_c
BK
999
_c
32429
_d
32429